000 02586cas a2200577 a 4500
001 20133911
003 OSt
005 20211106182919.0
006 m o d
007 cr bn||||||abp
007 cr bn||||||ada
008 171108c19649999ii qr pso 0 0eng
010 _a 2018207117
_zsa 65007236
016 7 _a015300201
_2Uk
022 _a0975-0320
_l0030-3887
_y0030-3887
030 _aOPSEAN
035 _a(OCoLC)ocn475704744
037 _bSpringer (India) Private Ltd., 212, Deen Dayal Upadhyaya Marg, 3rd Fl, Gandharva Mahavidyalaya, New Delhi, 110 002 India
040 _aNz
_beng
_epn
_cUX1
_dOCLCS
_dCIT
_dOCLCQ
_dVPI
_dUKMGB
_dOCLCQ
_dOCLCF
_dTXA
_dIL4I4
_dOCLCQ
_dVT2
_dZ5A
_dZAC
_dOCLCE
_dCUS
_dU3W
_dWYU
_dDLC
_dUAB
_dVYL
_dOCLCQ
042 _apcc
_adlr
050 0 0 _aT57.6.A1
245 0 0 _aOpsearch.
260 _a[New Delhi] :
_bOperational Research Society of India ;
_aBangalore :
_bSpringer India [distributor]
300 _a1 online resource
310 _aQuarterly,
_b2002-
321 _aBimonthly,
_b2001
321 _aQuarterly,
_b1964-2000
336 _atext
_btxt
_2rdacontent
337 _acomputer
_bc
_2rdamedia
338 _aonline resource
_bcr
_2rdacarrier
362 1 _aPrint began with vol. 1, no. 1 (Jan. 1964).
506 _aLicense restrictions may limit access.
506 _3Use copy
_fRestrictions unspecified
_2star
_5MiAaHDL
515 _aSome issues combined.
533 _aElectronic reproduction.
_b[Place of publication not identified] :
_cHathiTrust Digital Library,
_d2010.
_5MiAaHDL
538 _aMaster and use copy. Digital master created according to Benchmark for Faithful Digital Reproductions of Monographs and Serials, Version 1. Digital Library Federation, December 2002.
_uhttp://purl.oclc.org/DLF/benchrepro0212
_5MiAaHDL
583 1 _adigitized
_c2010
_hHathiTrust Digital Library
_lcommitted to preserve
_2pda
_5MiAaHDL
588 0 _aPrint version record.
588 1 _aVol. 55, issue 2 (June 2018) (SpringerLink, viewed Nov. 16, 2018).
650 0 _aOperations research
_vPeriodicals.
_99853
650 7 _aOperations research.
_2fast
_0(OCoLC)fst01046387
_99854
650 1 7 _aOperations research.
_2gtt
_99854
655 0 _aElectronic journals.
_99855
655 7 _aPeriodicals.
_2fast
_0(OCoLC)fst01411641
_99856
710 2 _aOperational Research Society of India.
_99857
776 0 8 _iPrint version:
_tOpsearch
_x0030-3887
_w(DLC)sa 65007236
_w(OCoLC)1911495
906 _a7
_bcbc
_csercoop
_d2
_encip
_f20
_gn-oclcserc
942 _2ddc
_cPR
_s1
999 _c220422
_d220422